Úloha základnej a strednej školy pri postkytovaní kreatívneho vzdelávania

Princípy kreativity na základných a stredných školách. Vzdelávanie orientované na rozvoj tvorivých schopností, zamerané na motivovanie a sebarozvoj žiakov. Ciele využívania rôznorodých metodických postupov.

Gespeichert in:
Bibliographische Detailangaben
1. Verfasser: Krajňáková, Emília
Format: Buchkapitel
Sprache:Slowakisch
Schlagworte:
Tags: Tag hinzufügen
Keine Tags, Fügen Sie das erste Tag hinzu!

MARC

LEADER 00000naa a2200000 4500
001 0194189
005 20231127103042.3
041 0 |a slo 
044 |a SK 
245 1 0 |a Úloha základnej a strednej školy pri postkytovaní kreatívneho vzdelávania  |c Emília Krajňáková 
520 |a Princípy kreativity na základných a stredných školách. Vzdelávanie orientované na rozvoj tvorivých schopností, zamerané na motivovanie a sebarozvoj žiakov. Ciele využívania rôznorodých metodických postupov. 
610 2 0 |a školstvo 
610 2 0 |a školy základné 
610 2 0 |a školy stredné 
610 2 0 |a vzdelávanie 
610 2 0 |a vyučovanie 
610 2 0 |a kreativita 
610 2 0 |a didaktika 
610 2 0 |a politika vzdelávania 
100 1 |a Krajňáková, Emília